000 00762nam a22002417a 4500
999 _c14909
_d14909
003 AR-CdUCM
008 190425b ||||| |||| 00| 0 spa d
020 _a978-84-683-1572-0
040 _aMUNICIPALIDAD PROVINCIAL DEL CUSCO
_cBIBLIOTECA MUNICIPAL DEL CUSCO
082 _22ed.
_aPI / 808.06 /
_bL33
100 _aLee, Isaura
_933877
245 _aLos superhéroes no llevan chupete /
260 _aBarcelona :
_bEdebé,
_c2015.
300 _c19 cm.
_bIlustración,
440 _aSoy un superheroe
_933878
500 _aEl texto no cuneta con numeración de pagina.
650 _aHistoria
_9136
650 _aNiñas y niños
_933879
650 _aInfancia
_95236
700 _aInaraja, Crhistian
_933880
942 _2ddc
_cLIBROS
945 _arah
_d25/04/2019